| 000 | 00745cam a22002411 4500 | ||
|---|---|---|---|
| 001 | e 40000741 | ||
| 003 | DLC | ||
| 005 | 20260227111229.0 | ||
| 008 | 820525s1940 dcu 000 0 eng c | ||
| 010 | _ae 40000741 | ||
| 035 | _a(OCoLC)8460677 | ||
| 040 |
_aU.S. Off. of educ. Library _cScRhW _dDLC |
||
| 042 | _apremarc | ||
| 043 | _an-us--- | ||
| 050 | 0 | 0 |
_aHF5381 _b.A73 |
| 052 | _a3700 | ||
| 110 | 2 |
_aAmerican Council on Education. _bAmerican Youth Commission. |
|
| 245 | 1 | 4 |
_aThe occupational adjustment of youth. _bRecommendations of the American Youth Commission of the American Council on Education. |
| 260 |
_a[Washington, D.C., _c1940] |
||
| 300 |
_a14, [2] p. _c23 cm. |
||
| 650 | 0 | _aYouth. | |
| 650 | 0 | _aVocational guidance. | |
| 999 |
_c21748 _d21748 |
||